MARC

LEADER 00000nam0a2200000 4500
001 266393
005 20231101234009.0
020 |a RU  |b 86-90421 
035 |a (RuTPU)RU\TPU\book\289413 
090 |a 266393 
100 |a 20140708d1986 m y0rusy5003 ca 
101 0 |a rus 
102 |a RU 
105 |a a z 000zd 
200 1 |a Меня называли Лихим Полковником  |e воспоминания  |e пер. с исп.  |f Д. А. Сикейрос 
210 |a Москва  |c Политиздат  |d 1986 
215 |a 415 с.  |c ил.  |d 27 см 
320 |a Основные даты жизни и творчества Д. А. Сикейроса : с. 407-411. 
600 1 |a Сикейрос  |b Д. А.  |c мексиканский живописец  |c почетный член АХ СССР  |f 1896-1974  |g Давид Альфаро  |2 stltpush  |3 (RuTPU)RU\TPU\pers\34991  |9 18300 
600 1 |a Пикассо  |g Пабло  |b П.  |c французский живописец  |f 1881-1973  |2 stltpush  |3 (RuTPU)RU\TPU\pers\295 
600 1 |a Брак  |b Ж.  |c французский живописец  |f 1882-1963  |g Жорж  |2 stltpush  |3 (RuTPU)RU\TPU\pers\7624  |9 1476 
600 1 |a Леже  |b Ф.  |c французский художник  |f 1881-1955  |g Фернан  |2 stltpush  |3 (RuTPU)RU\TPU\pers\7626  |9 1478 
606 1 |a Коммунистические партии отдельных зарубежных стран  |x Америки  |2 stltpush  |3 (RuTPU)RU\TPU\subj\14926  |9 41246 
606 1 |a Живопись  |x История  |2 stltpush  |3 (RuTPU)RU\TPU\subj\73356  |9 86388 
606 |a Живописцы  |2 stltpush  |3 (RuTPU)RU\TPU\subj\10834  |9 37852 
610 1 |a Мексика 
610 1 |a мексиканская живопись 
610 1 |a 20 век 
610 1 |a коммунисты 
610 1 |a коммунистическое движение 
610 1 |a политические деятели 
610 1 |a художники 
610 1 |a писатели 
610 1 |a поэты 
610 1 |a воспоминания 
675 |a 75.03  |v 3 
675 |a 75.071  |v 3 
700 1 |a Сикейрос  |b Д. А.  |c мексиканский живописец  |c почетный член АХ СССР  |f 1896-1974  |g Давид Альфаро  |2 stltpush  |3 (RuTPU)RU\TPU\pers\34991  |9 18300 
801 0 |a RU  |b RuMRKP  |c 19950417  |g psbo 
801 1 |a RU  |b 63413507  |c 20140708 
801 2 |a RU  |b 63413507  |c 20190228  |g RCR 
942 |c BK